| 000 | 00704nam a2200229 a 4500 | ||
|---|---|---|---|
| 005 | 20240925063723.0 | ||
| 008 | 991125s1987 es 000 0 spa u | ||
| 020 | _a8427011067 | ||
| 035 | _aUPN01000003930 | ||
| 049 | _aCG | ||
| 050 | 4 |
_aLB1715 _bC3.28 |
|
| 100 | 1 | _aCarlson, Jon | |
| 245 | 1 | 0 |
_aAprender a ser maestro / _cJon Carlson, Casey Thorpe ; tr. Frederic M. Hernández. |
| 260 |
_aBarcelona, Esp. : _bMartínez Roca, _cc1987. |
||
| 300 | _a164 p. | ||
| 440 | 0 | _aEducación-didáctica | |
| 534 |
_pTítulo original: _tThe growing teacher |
||
| 650 | 4 |
_aMaestros _xFormación profesional _9804 |
|
| 650 | 4 |
_aMaestros universitarios _9894 |
|
| 700 | 1 |
_aThorpe, Casey, _ecoaut. |
|
| 905 | _aLibro | ||
| 999 |
_c3930 _d3930 |
||